China policy very unclear : nutmeg.com's port /

Nutmeg.com CIO Shaun Port discusses the outlook for China's economy with Anna Edwards on Bloomberg Television's 'Countdown.'

Bibliographic Details
Corporate Author: Bloomberg News (Firm) (Producer)
Other Authors: Edwards, Anna (News anchor) (Speaker)
Format: Video
Language:English
Language Notes:In English.
Published: New York : Bloomberg, 2013.
Series:Business and education in video
Subjects:
Online Access:Connect to this streaming video (Alexander Street Press)

MARC

Tag First Indicator Second Indicator Subfields
LEADER 00000cgm a2200000Ma 4500
001 in00005537726
006 m o c
007 cr |na---||a|a
007 vz |za|z|
008 140428s2013 nyu006 e o vueng d
005 20241201225611.1
035 |a (OCoLC)ocn890729685 
040 |a ALSTP  |b eng  |e pn  |c ALSTP  |d OCLCO  |d OCLCF  |d OCLCQ  |d OCLCO  |d OCLCA  |d OCLCQ  |d AU@  |d WYU  |d OCLCO  |d OCLCL  |d OCLCQ  |d OCLCO 
035 |a (OCoLC)890729685 
043 |a a-cc--- 
050 4 |a HF 
049 |a TXAM 
245 0 0 |a China policy very unclear :  |b nutmeg.com's port /  |c produced by Bloomberg. 
260 |a New York :  |b Bloomberg,  |c 2013. 
300 |a 1 online resource (6 min.). 
306 |a 000612 
336 |a two-dimensional moving image  |b tdi  |2 rdacontent 
337 |a computer  |b c  |2 rdamedia 
338 |a online resource  |b cr  |2 rdacarrier 
490 0 |a Business and education in video 
500 |a Title from resource description page (viewed Apr. 28, 2014). 
520 |a Nutmeg.com CIO Shaun Port discusses the outlook for China's economy with Anna Edwards on Bloomberg Television's 'Countdown.' 
546 |a In English. 
650 0 |a Economics  |z China. 
650 6 |a Économie politique  |z Chine. 
650 7 |a Economics  |2 fast 
651 7 |a China  |2 fast  |1 https://id.oclc.org/worldcat/entity/E39PBJdCqh8h6hJY7PT6MQW4bd 
655 7 |a Television news programs  |2 fast 
655 7 |a Television news programs.  |2 lcgft 
655 7 |a Téléjournaux.  |2 rvmgf 
700 1 |a Edwards, Anna  |c (News anchor)  |4 spk 
710 2 |a Bloomberg News (Firm)  |4 pro 
758 |i has work:  |a China Policy Very Unclear: Nutmeg.com's Port (MovingImage)  |1 https://id.oclc.org/worldcat/entity/E39PCXFwv8JYppgfBxHw7dMJQq  |4 https://id.oclc.org/worldcat/ontology/hasWork 
856 4 0 |u http://proxy.library.tamu.edu/login?url=https://www.aspresolver.com/aspresolver.asp?BUSV;2364413  |z Connect to this streaming video (Alexander Street Press)  |t 0 
955 |a Alexander Street Press subscription streaming video 
994 |a 92  |b TXA 
999 f f |s 161b7787-ee05-4178-a0f2-8c01676e55e6  |i 34b6b606-dfad-4adf-a9fd-5be2121977c0  |t 0 
952 f f |a Texas A&M University  |b College Station  |c Electronic Resources  |d Available Online  |t 0  |e HF   |h Library of Congress classification 
998 f f |a HF   |t 0  |l Available Online